Central Library OPAC University of Rajshahi

বিচার ব্যবস্থার বিবর্তন / (Record no. 47405)

MARC details
000 -LEADER
fixed length control field 00856nam a2200229 a 4500
001 - CONTROL NUMBER
control field 47405
003 - CONTROL NUMBER IDENTIFIER
rucl marc code BD-RjUL
005 - DATE AND TIME OF LATEST TRANSACTION
control field 20211209054316.0
008 - FIXED-LENGTH DATA ELEMENTS--GENERAL INFORMATION
fixed length control field 160808r20091998bg ||||| |||| 00| 0 ben d
020 ## - INTERNATIONAL STANDARD BOOK NUMBER
International Standard Book Number 9840747509
Terms of availability : Tk. 180.00
035 ## - SYSTEM CONTROL NUMBER
System control number (BD-RjUL)47524
040 ## - CATALOGING SOURCE
Original cataloging agency BD-RjUL
Language of cataloging ben
Transcribing agency BD-RjUL
041 ## - LANGUAGE CODE
Language code of text/sound track or separate title ben
082 ## - DEWEY DECIMAL CLASSIFICATION NUMBER
Edition number 23
Classification number 353.4
Author mark and year HAB 2009
100 1# - MAIN ENTRY--PERSONAL NAME
Personal name হক, কাজী এবাদুল
9 (RLIN) 117992
245 10 - TITLE STATEMENT
Title বিচার ব্যবস্থার বিবর্তন /
Statement of responsibility, etc. কাজী এবাদুল হক
260 ## - PUBLICATION, DISTRIBUTION, ETC. (IMPRINT)
Place of publication, distribution, etc. ঢাকা :
Name of publisher, distributor, etc. বাংলা একাডেমী,
Date of publication, distribution, etc. ১৯৯৮, [মুদ্রণ ২০০৯]
300 ## - PHYSICAL DESCRIPTION
Pagination [১৫], ৩৪৪ পৃ. ;
Size ২১ সেমি.
650 ## - SUBJECT ADDED ENTRY--TOPICAL TERM
Topical term or geographic name as entry element বিচার প্রশাসন
9 (RLIN) 144187
Topical term or geographic name as entry element Administration of justice
9 (RLIN) 144188
942 ## - ADDED ENTRY ELEMENTS (KOHA)
Source of classification or shelving scheme Dewey Decimal Classification
Koha item type Books
Holdings
Lost status Source of classification or shelving scheme Damaged status Not for loan Collection code Permanent Location Current Location Shelving location Date acquired Source of acquisition Cost, normal purchase price Total Checkouts Full call number Date last seen Date checked out Copy number Koha item type
  Dewey Decimal Classification     Non-fiction Central Library, University of Rajshahi Central Library, University of Rajshahi   23/06/2013 Bangla Academy, Dhaka 180.00 1 B 353.4 HAB 2009 03/10/2018 24/09/2018 C-2 Books
  Dewey Decimal Classification     Non-fiction Central Library, University of Rajshahi Central Library, University of Rajshahi     Bangla Academy, Dhaka. 180.00   B 353.4 HAB 2009 22/11/2016   C-3 Books
  Dewey Decimal Classification   Not For Loan Non-fiction Central Library, University of Rajshahi Central Library, University of Rajshahi Reading Room 23/06/2013 Bangla Academy, Dhaka 180.00   B 353.4 HAB 2009 29/01/2017   C-1 Books